Normal view
MARC view
Entry Personal Name
001 - CONTROL NUMBER
- control field: 7580
003 - CONTROL NUMBER IDENTIFIER
- control field: OSt
005 - DATE AND TIME OF LATEST TRANSACTION
- control field: 20211028144149.0
008 - FIXED-LENGTH DATA ELEMENTS
- fixed length control field: 211028|| aca||aabn | a|a d
040 ## - CATALOGING SOURCE
- Original cataloging agency: OSt
- Transcribing agency: OSt
100 ## - HEADING--PERSONAL NAME
- Personal name: Zulkif; Kusuma, P.
- Miscellaneous information: 1416163
670 ## - SOURCE DATA FOUND
- Source citation: Work cat.: (OSt): Zulkif; Kusuma, P. 1416163, Performance management system: a case study with reference to Apollo hospital Bangalore., 2016